000 00536nam a22001937a 4500
999 _c258513
_d258512
003 OSt
005 20200616134305.0
008 200616b xxu||||| |||| 00| 0 eng d
010 _a2005004403
020 _a0321331060 (full ed.)
040 _cn/a
050 _aPE1408
_b.N19 2006
100 _aNadell, Judith.
245 _aThe Longman writer : rhetoric, reader, handbook
250 _a6th edn.
260 _aNew York :
_bPearson/Longman,
_cc2006.
300 _axxiv, 744 p.
_b: ill. (some col.)
_c; 24 cm.
942 _2lcc
_cBK